• 首页
  • 本馆介绍
  • 公告通知
  • 最新文献
  • 馆藏检索
  • 电子资源
  • 读者导购
  • 参考咨询
  • 我的图书馆
  • 登录
  • 详细信息显示
  • 放入我的书架
  • 预约/预借图书
  • 作者相关作品
  • 分类相关作品
  • 丛书相关作品
  • 出版社相关作品

书目信息

  • 表格格式
  • 工作单格式
  • 卡片格式
题名:
情感定制·意义经济
    
 
作者: 郭宇宽 著
分册:  
出版信息: 北京   清华大学出版社  2016
页数: 27,214页
开本: 22cm
丛书名: 开放力本土商学经典案例库
单 册:
中图分类: F727.653
科图分类:
主题词: 商业企业管理--概况--深圳
电子资源:
ISBN: 978-7-302-43481-8
000 01293oam2 2200265 450
001 012001000569
005 20140920091302.0
010    @a978-7-302-43481-8@b精装@dCNY39.00
100    @a20160606d2016 em y0chiy50 ea
101 0  @achi
102    @aCN@b110000
105    @ay z 000yy
106    @ar
200 1  @a情感定制·意义经济@9Qing Gan Ding Zhi · Yi Yi Jing Ji@dCustomization of affection · economy of meaning@f郭宇宽著@zeng
210    @a北京@c清华大学出版社@d2016
215    @a27,214页@d22cm
225 1  @a开放力本土商学经典案例库
330    @a本书作者以“情感定制、意义经济”概念统摄全书,通过深入企业及其定制中心进行调研,了解并感知BLOVES在商业模式构建、品牌建设、经营理念等方面的内容,探讨个性化时代的消费品产业新的发展方向。作者用生动的笔触、第三人称形式,全方位记录了BLOVES如何找到一个当前突破同质化竞争,创造更高附加值,提高产业竞争力的模式,展现了一个全新的商业生态空间、一系列富于前瞻性的观念、敏锐的市场嗅觉,乃至不仅属于企业、而且属于一个时代的精神底蕴。
461  0 @12001 @a开放力本土商学经典案例库
510 1  @aCustomization of affection · economy of meaning@zeng
606 0  @a商业企业管理@x概况@y深圳
690    @aF727.653@v5
701  0 @a郭宇宽@9Guo Yu Kuan@c(经济)@4著
801  0 @aCN@b上海新华@c20180901
905    @b1041907-09,‘’,11@dF727.653@e102@f5
    
    情感定制·意义经济=Customization of affection · economy of meaning/郭宇宽著.-北京:清华大学出版社,2016
    27,214页;22cm.-(开放力本土商学经典案例库)
    
    
    ISBN 978-7-302-43481-8(精装):CNY39.00
    本书作者以“情感定制、意义经济”概念统摄全书,通过深入企业及其定制中心进行调研,了解并感知BLOVES在商业模式构建、品牌建设、经营理念等方面的内容,探讨个性化时代的消费品产业新的发展方向。作者用生动的笔触、第三人称形式,全方位记录了BLOVES如何找到一个当前突破同质化竞争,创造更高附加值,提高产业竞争力的模式,展现了一个全新的商业生态空间、一系列富于前瞻性的观念、敏锐的市场嗅觉,乃至不仅属于企业、而且属于一个时代的精神底蕴。
●
相关链接 在E读中查询图书 在五车中查询图书 在当当中查询图书 在豆瓣中查询图书


正题名:情感定制·意义经济     索取号:F727.653/102         预约/预借

序号 登录号 条形码 馆藏地/架位号 状态 备注
1 1041907   210419073   第一样本阅览室/ [索取号:F727.653/102] 在馆    
2 1041908   210419082   第一借阅区/ [索取号:F727.653/102] 在馆    
3 1041909   210419091   第一借阅区/ [索取号:F727.653/102] 在馆    
4 1041910‘’   21041910‘’   第一借阅区/ [索取号:F727.653/102] 在馆    
5 1041911   210419117   经管系资料室/ [索取号:F727.653/102] 在馆    
唐山师范学院图书馆 欢迎您!
大连网信软件有限公司© 版权所有